Стенограмма 1-го Заседания VII Съезда Советов СССР. /Вечер/

Доступно только в Электронных читальных залах Найти на картеНа карте
RUSMARC
00004179nac2a22002893x 450
001f2efff58-3458-493b-ba30-92b3fe8ed1bf
00520210716142444.0
100##$a20210612l1935 k y0rusy50 ca
1010#$arus
102##$aRU
105##$ay z |||||
1220#$ad19350128
2001#$aСтенограмма 1-го Заседания VII Съезда Советов СССР. /Вечер/
$j28.01.1935
215##$a26 листов
251##$cДело
300##$aЗаголовок дела на папке: Стенограмма 1-го Заседания VII-го Съезда Советов Союза ССР. 28 января 1935 года (вечер)
300##$aМашинописный текст с рукописными пометками
330##$aВходит в раздел описи: VII-й Съезд Советов
461#0$1001796d4672-8a00-4986-b488-6e42273792cc
$12001
$aЦЕНТРАЛЬНЫЙ ИСПОЛНИТЕЛЬНЫЙ КОМИТЕТ СССР (ЦИК СССР)
$1251
$cФонд
$1852
$j3316
$gР
462#0$10012246e4af-064a-4b66-b386-cae0ddb7fb2d
$12001
$aДела 7-го Съезда Советов и 1-й, 2-й, 3-й, 4-й Сессий 7-го созыва. 1935-1937 гг.
$vД. 28
$1251
$cОпись
$1852
$j7
5171#$aСтенограмма 1-го Заседания VII-го Съезда Советов Союза ССР. 28 января 1935 года (вечер)
60101$3RU\NLR\AUTH\880357276
$aСССР
$bЦИК
6011|$3RU\NLR\AUTH\661048804
$aСССР. Съезд советов 7-й
60102$aСССР. Съезд Советов (7). Заседание (1)
801#0$aRU
$bGA_RF
801#1$aRU
$bГлавНИВЦ
$c20210612
$2rusmarc
801#2$aRU
$bПБ им. Б.Н. Ельцина
$c20210716
$gRCR
$2rusmarc
852##$aГА РФ
$j28
937##$d166266288
$hГАРФ
035##$aRuPRLIB51060493
856##$uhttp://readingroom.main.prlib.ru/item.aspx?id_node=n166266288&mode=full
Формат отображения